000
00301nam a22001217a 4500
008
160523b xxu||||| |||| 00| 0 eng d
020
_a
9780971778535
020
_a
0971778531
041
_a
eng
080
_a
615
245
_a
Days to a pharmaceutical sales job interview:
_c
Lisa Lane;
942
_2
udc
_c
BK
999
_c
2402
_d
2402